Sports Quiz

Random Sports or Football Quiz

New York Red Bulls 2015 Roster Quiz Stats

Quiz not verified by Sporcle

Challenge
Share
Tweet
Embed
Score 0/27 Timer 10:00
0 Plays Today
Position Player % Correct
ForwardBradley Wright-Phillips
95.2%
GoalkeeperLuis Robles
93.3%
MidfielderShaun Wright-Phillips
93.2%
MidfielderDax McCarty
91.1%
ForwardMike Grella
88.8%
MidfielderFelipe Campanholi Martins
84.8%
DefenderMatt Miazga
84%
MidfielderLloyd Sam
83.3%
DefenderConnor Lade
82.9%
MidfielderSacha Kljestan
82.2%
DefenderKemar Lawrence
78.4%
DefenderRoy Miller
77.3%
MidfielderSean Davis
77%
ForwardAnatole Abang
75.8%
Position Player % Correct
MidfielderSal Zizzo
72.9%
DefenderRonald Zubar
72.5%
DefenderDamien Perrinelle
72.1%
Midfielder/ForwardGonzalo Veron
71.2%
DefenderChris Duvall
71%
GoalkeeperKyle Reynish
58%
DefenderKarl Ouimette
57.2%
MidfielderLeo Stolz
55.4%
DefenderAnthony Wallace
53.2%
GoalkeeperSantiago Castaño
52.8%
MidfielderManolo Sanchez
46.8%
DefenderShawn McLaws
42.8%
MidfielderMarius Obekop
38.7%

You're not logged in!

Compare scores with friends on all Sporcle quizzes.
Join for Free
OR
Log In

You Might Also Like...

Show Comments

Extras

Top Quizzes Today


Score Distribution

Your Account Isn't Verified!

In order to create a playlist on Sporcle, you need to verify the email address you used during registration. Go to your Sporcle Settings to finish the process.

Report this User

Report this user for behavior that violates our Community Guidelines.

Details: